| 000 | 00495nam a22001577a 4500 | ||
|---|---|---|---|
| 008 | 230706b |||||||| |||| 00| 0 eng d | ||
| 040 |
_aNational Science Library _cNational Science Library |
||
| 080 |
_aR 058(4/9) _bN8.1 |
||
| 245 | _aEuropa year book 1998 | ||
| 250 | _a39th ed. | ||
| 260 |
_aLondon: _bEuropa Publications Ltd, _c1998 |
||
| 300 | _axvi, 1932p. | ||
| 500 | _aVol. 1 Part 1 International organizations Part 2 Afghanistan-Jordan | ||
| 650 | _aYear book | ||
| 942 |
_2udc _cYBK |
||
| 999 |
_c50758 _d50758 |
||